Nazareth /

محفوظ في:

مؤلفون آخرون: Silas, Musholt P.

التنسيق: كتاب

اللغة: English

منشور في: Jerusalem : Franciscan Printing Press, 1995.

سلاسل: Holy places of Palestine.

الموضوعات:

الوسوم: إضافة وسم

لا توجد وسوم, كن أول من يضع وسما على هذه التسجيلة!

رقم الطلب: DS110 .N3 N39 1995

LEADER 00811namaa2200241 4500
001 22719
003 OSt
005 20211209060639.0
008 130303s1995 is g 000 0 eng d
952 |0 0  |1 0  |2 lcc  |4 0  |6 DS0110 N3 N39 01995  |7 1  |9 23722  |a ARCE  |b ARCE  |d 2021-12-09  |l 0  |o DS110 .N3 N39 1995  |p 1013740  |r 2021-12-09 00:00:00  |w 2021-12-09  |y BK 
999 |c 22471  |d 22471 
040 |c ARCE Library 
043 |a a-is--- 
050 4 |a DS110 .N3 N39 1995 
245 0 0 |a Nazareth /   |c [editor, Musholt P. Silas]. 
264 1 |a Jerusalem :   |b Franciscan Printing Press,   |c 1995. 
300 |a 103 pages :   |b color illustrations ;   |c 21 cm. 
490 0 |a Holy places of Palestine. 
651 0 |a Nazareth (Israel) 
651 0 |a Nazareth (Israel)  |x Guidebooks. 
700 1 |a Silas, Musholt P.,   |9 40084 
901 |a reviewed 
942 |c BK  |2 lcc